Normal view
MARC view
Entry Topical Term
001 - CONTROL NUMBER
- control field: 524
003 - CONTROL NUMBER IDENTIFIER
- control field: BD-RjUL
005 - DATE AND TIME OF LATEST TRANSACTION
- control field: 20220105130251.0
008 - FIXED-LENGTH DATA ELEMENTS
- fixed length control field: 220105|| aca||aabn | a|a d
040 ## - CATALOGING SOURCE
- Original cataloging agency: BD-RjUL
- Transcribing agency: BD-RjUL
150 ## - HEADING--TOPICAL TERM
- Topical term or geographic name entry element: Sanskrit literature
670 ## - SOURCE DATA FOUND
- Source citation: Work cat.: (BD-RjUL)79122: দিলীপ কুমার ভট্টাচার্য্য রচনাসমগ্র / , ২০২১